Fisonomía histórica de Chile
Guardat en:
| Autor principal: | |
|---|---|
| Format: | Llibre |
| Idioma: | espanyol |
| Publicat: |
Ciudad de México, México
Fondo de Cultura Económica
1948
|
| Col·lecció: | Colección Tierra Firme,
41 |
| Matèries: | |
| Etiquetes: |
Afegir etiqueta
Sense etiquetes, Sigues el primer a etiquetar aquest registre!
|
MARC
| LEADER | 00000nam a2200000 a 4500 | ||
|---|---|---|---|
| 001 | UCP9662 | ||
| 003 | CL-VaPUC | ||
| 005 | 20250327093503.0 | ||
| 008 | 000331e19480000MX |||||||||||||||||spa|d | ||
| 999 | |c 286451 |d 286449 | ||
| 040 | |c Pontificia Universidad Católica de Valparaíso | ||
| 082 | 0 | 4 | |a 983 EYZ 1948 |2 21 |
| 100 | |a Eyzaguirre Gutiérrez, Jaime |e autor |9 584583 | ||
| 245 | 1 | 0 | |a Fisonomía histórica de Chile |
| 260 | |a Ciudad de México, México |b Fondo de Cultura Económica |c 1948 | ||
| 300 | |a 177 páginas | ||
| 490 | 0 | |a Colección Tierra Firme, |v 41 | |
| 500 | |a Contiene Ilustraciones | ||
| 583 | |a last modification |c 20000331 00:00:00 |k Rodrigo Vera | ||
| 650 | 0 | |a Historia de Chile |9 265473 | |
| 650 | 7 | |a ENSAYOS HISTORICOS |2 CL-VaPUC |9 315150 |z CHILE | |
| 650 | 0 | |a Guerra de Arauco |z CHILE |9 267618 | |
| 650 | 7 | |a EPOCA COLONIAL |2 CL-VaPUC |9 440373 |z CHILE | |
| 650 | 0 | |a Independencia de Chile |9 440305 | |
| 650 | 0 | |a República |z CHILE |9 310048 | |
| 852 | |a BIBCUR | ||
| 942 | |c BK |2 ddc | ||
| 945 | |d 20000331 00:00:00 |a lriquelm | ||
| 952 | |0 0 |1 0 |2 ddc |4 0 |6 983_000000000000000_EYZ_1948 |7 0 |8 X |9 332391 |a BIBHIS |b BIBHIS |d 2019-11-20 |i 1251791 |o 983 EYZ 1948 |p 1251791 |r 2024-01-30 |t 1 |w 2019-11-20 |y BK_X |k HIS | ||